000 00628nam a2200241Ia 4500
005 20250425162110.0
008 250425s9999 xx 000 0 und d
020 _a1557758913
041 _aeng
082 _a657.8
100 _aEVANS, OWEN
245 0 _aMACROPRUDENTIAL INDICATORS OF FINANCIAL SYSTEM SOUNDNESS
250 _a1A. ED.
260 _aEstados Unidos
_bFONDO MONETARIO INTERNACIONAL
_c2000
260 _aWASHINGTON
300 _a49
500 _aOCASSIONAL PAPER 192
650 _aCONTROL-DIRECCION
650 _aFINANZAS
710 _aINTERNATIONAL MONETARY FUND
942 _c01
010 _a49966
999 _c222304
_d222304